El ajuste por inflación en Argentina. Resolución general de FACPCE 539/18 (Registro nro. 12424)
[ vista simple ]
| 000 -LEADER | |
|---|---|
| fixed length control field | 00369 a2200121 4500 |
| 001 - CONTROL NUMBER | |
| control field | ART_47954 |
| 005 - DATE AND TIME OF LATEST TRANSACTION | |
| control field | 20260410161631.0 |
| 008 - FIXED-LENGTH DATA ELEMENTS--GENERAL INFORMATION | |
| fixed length control field | 260409a |
| 100 1# - MAIN ENTRY--PERSONAL NAME | |
| Personal name | Díaz, Teresa |
| 245 10 - TITLE STATEMENT | |
| Title | El ajuste por inflación en Argentina. Resolución general de FACPCE 539/18 |
| 700 1# - ADDED ENTRY--PERSONAL NAME | |
| Personal name | Pozzi, Nélida B. |
| 773 0# - HOST ITEM ENTRY | |
| Title | Enfoques |
| Related parts | - N°11 (nov. 2018) |
| Record control number | REV416 |
No hay ítems disponibles.